| 000 | 00607nam a22001937a 4500 | ||
|---|---|---|---|
| 999 |
_c191247 _d191247 |
||
| 005 | 20220823153509.0 | ||
| 010 | _aENG-134553 | ||
| 020 |
_a9789391373177 _c220.00 |
||
| 035 | _aEN-118085 | ||
| 037 | _bDBAD/PUB | ||
| 082 | _a659.1 | ||
| 100 | _aVeerakumar, K. | ||
| 245 |
_aAdvertising and sales promotion management/ _cK. Veerakumar and [M. Kousalyadevi] |
||
| 260 |
_aTamilnadu _bSHANLAX PUBLICATIONS _c2021 |
||
| 270 |
_a61,66 T.P.K. Main Road, Vasantha Nagar _bMadurai _e625003 |
||
| 300 |
_a168p. _bill: _c22cm(pbk) |
||
| 700 | _aKousalyadevi, M. | ||
| 942 |
_2ddc _cEN _h659.1 _mVEE |
||